| 000 | 00707nam a2200181Ia 4500 | ||
|---|---|---|---|
| 008 | 090123s9999 xx 000 0 und d | ||
| 082 | _b17048 | ||
| 100 | _aपोखरकर बा.र. | ||
| 245 | _aआत्मपरिक्षणातुन लोकमान्यतेकडे | ||
| 250 | _a1 | ||
| 260 |
_bमॅजेस्टिक प्रकाशन _c1988 |
||
| 300 | _a96 | ||
| 600 | _aपोखरकर बा.र. | ||
| 630 | _aआत्मपरिक्षणातुन लोकमान्यतेकडे | ||
| 700 | _aपोखरकर बा.र. | ||
| 730 | _aआत्मपरिक्षणातुन लोकमान्यतेकडे | ||
| 942 | _cBOOK | ||
| 999 |
_c55108 _d55108 |
||